Estudio de factibilidad para la creación de una Microempresa de Glamping en el Municipio de Tupiza. (Registro nro. 9695)

000 -CABECERA (24)
Campo de control interno 02407nam a22003374a 4500
003 - IDENTIFICADOR DE CONTROL
Campo control BOLpUSFA
005 - FECHA Y HORA DE CATALOGACION
Campo de control 20260414184558.0
008 - ELEMENTOS DE LONGITUD FIJA - INFORMACIÓN GENERAL
Campo de control de longitud fija t bo grm 001 | spa||
040 ## - Origen de la Catalogacion
Origen de la Catalogacion BOLpUSFA
041 ## - Código de idioma (R)
Código de lengua del texto/banda sonora o título independiente (R) spa
044 ## - Código de país de la publicación
Codigo de pais MARC BO
082 ## - Número de la Clasificación Decimal Dewey
Número de la Clasificación Decimal Dewey ICO0016
Codigo Cutter M357e PG
100 ## - Autor Personal
Autor Personal Marquez Villena, Ibeliz Mariza
245 ## - Titulo
Titulo Estudio de factibilidad para la creación de una Microempresa de Glamping en el Municipio de Tupiza.
260 ## - Editorial
Ciudad Tupiza:
Nombre de la Editorial Universidad Privada San Francisco de Asís,
Fecha 2025
300 ## - Descripcion
Extension 212 p.
502 ## - Nota de Tesis
Nota de Tesis Modalidad: Proyecto de Grado - <br/>Tutora: Lic. Mónica Roxana Maldonado Arana
520 ## - Resumen
Resumen El proyecto tiene como objetivo realizar el estudio de factibilidad para la creación de <br/>una microempresa de Glamping en el municipio de Tupiza, en respuesta a la falta <br/>de alternativas de alojamiento acordes con la nueva tendencia de turismo natural. <br/><br/>Para el desarrollo del proyecto se aplicaron métodos de investigación y técnicas <br/>para recolección de datos a un mercado inicial en el municipio, determinando la <br/>demanda del servicio de hospedaje natural, el tamaño y la organización de la mi-<br/>croempresa, la localización y distribución de los domos, así como el terreno a utili-<br/>zar. <br/><br/>Se consideraron además los aspectos legales necesarios para garantizar un <br/>funcionamiento óptimo y conforme a la normativa vigente, junto con un estudio fi-<br/>nanciero que permitió establecer la inversión, ingresos, gastos y rentabilidad del <br/>proyecto. <br/><br/>El perfil del cliente potencial corresponde a personas de entre 26 y 40 <br/>años que realizan turismo en grupos de amigos o familiares, con una disposición de <br/>pago de entre 300 y 400 Bs por noche. En el ámbito contable, la inversión inicial <br/>asciende a 207.105 Bs, bajo un escenario realista que presenta un Valor Actual <br/>Neto (VAN) de 1.499.800,97 Bs, una Tasa Interna de Retorno (TIR) del 15 % y un <br/>Periodo de Recuperación de la Inversión (PRI) estimado en 2 años y 6 meses. <br/>
650 ## - Temas - Descriptores
Temas - Descriptores Ingeniería Comercial
650 ## - Temas - Descriptores
Temas - Descriptores Proyecto de Grado
650 ## - Temas - Descriptores
Temas - Descriptores Estudio de factibilidad
650 ## - Temas - Descriptores
Temas - Descriptores Microempresa
650 ## - Temas - Descriptores
Temas - Descriptores Ecoturismo
650 ## - Temas - Descriptores
Temas - Descriptores Campamentos turísticos
650 ## - Temas - Descriptores
Temas - Descriptores Comodidad
650 ## - Temas - Descriptores
Temas - Descriptores Lujo
650 ## - Temas - Descriptores
Temas - Descriptores Naturaleza
651 ## - Punto de acceso adicional de materia - Nombre geográfico (R)
Nombre geográfico (NR) Potosí
651 ## - Punto de acceso adicional de materia - Nombre geográfico (R)
Nombre geográfico (NR) Tupiza
942 ## - ELEMENTOS DE KOHA
Esquema de Clasificaci
Tipo de Documento Tesis
Catalogador LLO
Existencias
Retirado (estado) Perdido (estado) Fuente de Clasificacion Deterioro (estado) Prestamo Coleccion Ubicacion permanente Ubicacion actual Fondo Fecha de adquisicion Origen de adquisicion Prestamos Signatura Topografica Codigo de barras Ultima fecha de verificacion Price effective from Tipo de Item
No Dañado Disponible   No Dañado Disponible Tesis Biblioteca USFA Tupiza Biblioteca USFA Tupiza Colección Tesis 04/14/2026 Depósito   ICO0016 M357e PG BTZ00902 04/14/2026 04/14/2026 Tesis

Universidad Privada San Francisco de Asis (USFA)
Sopocachi, av. 20 de octubre esq. Belisario Salinas No.397 (Plaza Abaroa)
Telf.fax (+591-2) 2443773
info@usfa.edu.bo